Acta Medica Christiana Slovaca spravodaj Zväzu kresťanských lekárov a zdravotníkov

Bibliographic Details
Format: Journal
Language:Slovak
PhysicalDescription:10 zv. 21 cm
Published: Bratislava Charis 1994-2003
ISSN:1335-1028
Subjects:
Online Access:http://www.kklz.sk/amcs

MARC

LEADER 00000cas a2200000 a 4500
001 vtls001485191
003 SK-MaSNL
005 20260228160707.0
008 041109d19942003xo qr p 0 0 0slo
022 |a 1335-1028 
035 |a SNK000440485 
040 |a SNK  |b slo  |c SNK  |e AACR2 
041 |a slo 
044 |a xo  |c SK 
072 7 |a 614  |x Verejné zdravie a hygiena  |2 konspekt 
072 7 |a 27-4  |x Praktická teológia. Morálna teológia  |2 konspekt 
080 |a 61  |2 2011 
080 |a 614.253  |2 2011 
080 |a 27-42  |2 2011 
080 |a 050  |2 2011 
080 |a (055)  |2 2011 
210 0 |a Acta med. christ. Slovaca 
222 |a Acta medica christiana Slovaca 
245 0 |a Acta Medica Christiana Slovaca  |b spravodaj Zväzu kresťanských lekárov a zdravotníkov 
246 1 3 |a Spravodaj Zväzu kresťanských lekárov a zdravotníkov 
260 |a Bratislava  |b Charis  |c 1994-2003 
300 |a 10 zv.  |c 21 cm 
310 |a 4x ročne  |b 1995-2003 
321 |a 2x ročne  |b 1994 
362 |a Roč. 1, č. 1 (1994)- roč. 10, č. 1-4 (2003)  |z webstránka/2015, informácia vydavateľa 
500 |a Reg. číslo MK SR: 1071/94 
500 |a ISSN udáva ukončenie vydávania r. 2004 
500 |a V r. 2004 vydávanie pozastavené 
515 |a Niektoré čísla vychádzajú ako dvojčíslo 
650 0 7 |a medicína  |2 SNKPH  |9 899 
650 0 7 |a lekárska etika  |2 SNKPH  |9 794 
650 0 7 |a kresťanská etika  |2 SNKPH  |9 30117 
655 7 |a bulletiny  |2 SNKPH  |9 70453 
850 |a Slovenská národná knižnica v Martine 
856 4 1 |u http://www.kklz.sk/amcs 
910 |a snk 
999 |c 3379  |d 5309 
952 |0 0  |1 0  |4 0  |7 0  |a SNK  |b SNK  |d 2011-10-11  |i snkČSP 1134/2003  |l 0  |o snkČSD 2297/5/1998 D1  |p 17A0709686  |r 2026-02-21 20:22:39  |t č. 1-4  |w 2026-02-21  |y PREZ 
952 |0 0  |1 0  |4 0  |7 0  |a SNK  |b SNK  |d 2004-11-09  |i snkČSP 1130/2003  |l 0  |o snkČSD 2297/7/2000 D1  |p 17A0448274  |r 2005-01-02 00:00:00  |t č. 1-4 + supl.  |w 2026-02-21  |y PREZ 
952 |0 0  |1 0  |4 0  |7 0  |a SNK  |b SNK  |d 2019-10-03  |i snkČSP 1177/2003  |l 0  |o snkČSD 2297/3/1996  |p 17A0893288  |r 2026-02-21 21:52:25  |t č. 1-4  |w 2026-02-21  |y PREZ 
952 |0 0  |1 0  |4 0  |7 0  |a SNK  |b SNK  |d 2019-10-03  |i snkČSP 1135/2003  |l 0  |o snkČSD 2297/4/1997  |p 17A0893345  |r 2026-02-21 21:52:25  |t č. 1-4  |w 2026-02-21  |y PREZ 
952 |0 0  |1 0  |4 0  |7 0  |a SNK  |b SNK  |d 2019-10-03  |i snkČSP 1133/2003  |l 0  |o snkČSD 2297/5/1998  |p 17A0893346  |r 2026-02-21 21:52:25  |t č. 1-4  |w 2026-02-21  |y PREZ 
952 |0 0  |1 0  |4 0  |7 0  |a SNK  |b SNK  |d 2019-10-03  |i snkČSP 1131/2003  |l 0  |o snkČSD 2297/6/1999  |p 17A0893347  |r 2026-02-21 21:52:25  |t č. 1-4  |w 2026-02-21  |y PREZ 
952 |0 0  |1 0  |4 0  |7 0  |a SNK  |b SNK  |d 2019-10-03  |i snkČSP 1129/2003  |l 0  |o snkČSD 2297/7/2000  |p 17A0893348  |r 2026-02-21 21:52:25  |t č. 1-4 + supl.  |w 2026-02-21  |y PREZ  |z Supl.: Kľúčové aspekty homosexuality 
952 |0 0  |1 0  |3 Spoločne zviazané r. 2001,2003  |4 0  |7 0  |8 0  |a SNK  |b SNK  |d 2019-10-03  |i snk2019/24901  |l 0  |o snkČSD 2297/8/2001  |p 17A1383648  |r 2026-02-21 21:52:25  |t č. 1-4  |w 2026-02-21  |y PREZ  |z Spoločne zviazané r. 2001,2003 
952 |0 0  |1 0  |3 Spoločne zviazané r. 2001,2003  |4 0  |7 0  |8 0  |a SNK  |b SNK  |d 2019-10-03  |i snk2019/24901  |l 0  |o snkČSD 2297/10/2003  |p 17A1383649  |r 2026-02-21 21:52:25  |t č. 1-4  |w 2026-02-21  |y PREZ  |z Spoločne zviazané r. 2001,2003 
952 |0 0  |1 0  |4 0  |7 0  |8 0  |a SNK  |b SNK  |d 2019-10-03  |i snk2019/24922  |l 0  |o snkČSD 2297/8/2001 D1  |p 17A1383650  |r 2026-02-21 21:52:25  |t č. 1-4  |w 2026-02-21  |y PREZ 
952 |0 0  |1 0  |4 0  |7 0  |a SNK  |b SNK  |d 2019-10-03  |i snkČSP 1182/2003  |l 0  |o snkČSD 2297/1/1994 D1  |p 17A1383651  |r 2026-02-21 21:52:31  |t č. 1-2  |w 2026-02-21  |y PREZ 
952 |0 0  |1 0  |4 0  |7 0  |a SNK  |b SNK  |d 2019-10-03  |i snkČSP 1180/2003  |l 0  |o snkČSD 2297/2/1995 D1  |p 17A1383652  |r 2026-02-21 21:52:31  |t č. 1-4  |w 2026-02-21  |y PREZ 
952 |0 0  |1 0  |4 0  |7 0  |a SNK  |b SNK  |d 2019-10-03  |i snkČSP 1178/2003  |l 0  |o snkČSD 2297/3/1996 D1  |p 17A1383653  |r 2026-02-21 21:52:31  |t č. 1-4  |w 2026-02-21  |y PREZ 
952 |0 0  |1 0  |4 0  |7 0  |a SNK  |b SNK  |d 2019-10-03  |i snkČSP 1136/2003  |l 0  |o snkČSD 2297/4/1997 D1  |p 17A1383654  |r 2026-02-21 21:52:31  |t č. 1-4  |w 2026-02-21  |y PREZ 
952 |0 0  |1 0  |4 0  |7 0  |a SNK  |b SNK  |d 2019-10-03  |i snkČSP 1132/2003  |l 0  |o snkČSD 2297/6/1999 D1  |p 17A1383655  |r 2026-02-21 21:52:31  |t č. 1-4  |w 2026-02-21  |y PREZ 
952 |0 0  |1 0  |4 0  |7 0  |a SNK  |b SNK  |d 2019-10-03  |i snkČSP 1181/2003  |l 0  |o snkČSD 2297/1/1994  |p 17A0893289  |r 2026-02-21 21:52:53  |t č. 1-2  |w 2026-02-21  |y PREZ 
952 |0 0  |1 0  |4 0  |7 0  |a SNK  |b SNK  |d 2019-10-03  |i snkČSP 1179/2003  |l 0  |o snkČSD 2297/2/1995  |p 17A0893277  |r 2026-02-21 21:52:53  |t č. 1-4  |w 2026-02-21  |y PREZ